[Event "Challenge"]
[Site "http://www.queenalice.com/game.php?id=437901"]
[Date "2008.7.23"]
[Round "-"]
[White "Aldino"]
[Black "MARAGATO"]
[Result "1-0"]
[WhiteElo "1648"]
[BlackElo "1100"]

1. e4 Nf6 2. Nc3 e5 3. Nf3 Nc6 4. Bc4 Bb4 5. d3 O-O 6. Bd2 d6 7. a3 Bxc3 8. Bxc3
Bg4 9. O-O b6 10. h3 Bxf3 11. Qxf3 a6 12. b4 b5 13. Ba2 a5 14. Qe2 axb4 15. axb4
Nd4 16. Bxd4 exd4 17. Qd1 d5 18. e5 Nd7 19. f4 c6 20. Qf3 Re8 21. Qf2 c5 22.
Bxd5 Rxa1 23. Rxa1 cxb4 24. Ra8 Nb8 25. Bc6 Re6 26. Bxb5 Qd5 27. Rxb8+ 1-0

[Event "754"]
[Site "http://www.queenalice.com/game.php?id=438218"]
[Date "2008.7.24"]
[Round "-"]
[White "MARAGATO"]
[Black "phystutordotcom"]
[Result "0-1"]
[WhiteElo "1123"]
[BlackElo "2064"]

1. e4 g6 2. d3 Bg7 3. Nf3 c6 4. c4 d5 5. Bf4 dxe4 6. Nd4 Qxd4 7. Nc3 exd3 8. Bc7
Na6 9. Bxd3 Nb4 10. O-O Qxd3 11. Qxd3 Nxd3 12. Rad1 Bf5 13. Na4 Rc8 14. Nc5 Nxc5
15. Ba5 b6 16. Bc3 Bxc3 17. bxc3 Nf6 18. a4 Nxa4 19. c5 Nxc5 20. Ra1 O-O 21.
Rxa7 e6 22. g3 Bd3 23. Re1 Nd5 24. c4 Bxc4 25. Ra2 Bxa2 26. h4 Rb8 27. g4 b5 28.
f3 Nd3 29. Ra1 Bc4 30. h5 b4 31. hxg6 hxg6 0-1

[Event "Let's Play Chess!"]
[Site "http://www.queenalice.com/game.php?id=438880"]
[Date "2008.7.25"]
[Round "-"]
[White "MARAGATO"]
[Black "CampbellMarcel"]
[Result "0-1"]
[WhiteElo "1111"]
[BlackElo "1856"]

1. e3 e5 2. Bb5 c6 3. Ba4 b5 4. Bb3 d5 5. Nc3 a5 6. a4 b4 7. Na2 c5 8. Nf3 e4 9.
O-O c4 10. Bxc4 dxc4 11. Ne5 b3 12. cxb3 cxb3 13. Nc3 Qe7 14. Nc6 Nxc6 15. Ra3
Nf6 16. d3 exd3 17. Qxd3 Ba6 18. Nb5 Bxb5 19. axb5 Ne5 20. Qxb3 Nfd7 21. b6 Rb8
22. Qc3 Nc5 23. Rxa5 Ned7 24. b4 Nb7 25. Qc7 Qd6 26. Qxd6 Bxd6 27. Bb2 Nxa5 28.
bxa5 Nxb6 29. Bxg7 Rg8 30. axb6 Rxg7 31. e4 Bxh2+ 32. Kxh2 Rxb6 33. Re1 Rb2 34.
Rf1 h5 35. e5 Ke7 36. g3 Ke6 37. Kg2 h4 38. Rh1 hxg3 0-1

[Event "Let's Play Chess!"]
[Site "http://www.queenalice.com/game.php?id=440487"]
[Date "2008.7.29"]
[Round "-"]
[White "MARAGATO"]
[Black "erikmartinelli"]
[Result "0-1"]
[WhiteElo "1049"]
[BlackElo "1512"]

1. e4 e5 2. Nf3 Nf6 3. Bb5 Nxe4 4. Qe2 c6 5. Qxe4 cxb5 6. O-O g6 7. Nc3 Bg7 8.
d3 b4 9. Qxb4 Nc6 10. Bg5 Qc7 11. Nb5 Qb6 12. Rae1 Nxb4 13. c3 Nxd3 14. Re3 Qxb5
15. Rd1 Nxb2 16. Bf4 O-O 17. Rb1 exf4 18. Re4 Qd3 19. Ng5 Qxb1+ 20. Re1 Qxe1#
0-1

[Event "Let's Play Chess!"]
[Site "http://www.queenalice.com/game.php?id=442430"]
[Date "2008.8.1"]
[Round "-"]
[White "spawnwolfwolverine"]
[Black "MARAGATO"]
[Result "1-0"]
[WhiteElo "1701"]
[BlackElo "1049"]

1. c4 Nf6 2. d3 d5 3. cxd5 g6 4. e4 e6 5. Bg5 Bb4+ 6. Nc3 Qd6 7. Bxf6 Rg8 8. e5
Bxc3+ 9. bxc3 exd5 10. d4 c5 11. Bb5+ Nd7 12. Bxd7+ Qxd7 13. Nf3 b5 14. O-O cxd4
15. cxd4 Qc7 16. Rc1 b4 17. Rxc7 Bg4 18. Qa4+ Kf8 19. Qxb4+ Ke8 20. Qe7# 1-0

[Event "Challenge"]
[Site "http://www.queenalice.com/game.php?id=444960"]
[Date "2008.8.7"]
[Round "-"]
[White "fafaducarmo"]
[Black "MARAGATO"]
[Result "1-0"]
[WhiteElo "1436"]
[BlackElo "1050"]

1. d4 c6 2. c4 d5 3. Nc3 Nf6 4. Bf4 Na6 5. e3 Bg4 6. Nf3 e6 7. cxd5 cxd5 8. Bxa6
bxa6 9. Qa4+ Qd7 10. Qxa6 Bxf3 11. gxf3 h6 12. Qb5 Qxb5 13. Nxb5 g5 14. Be5 Bb4+
15. Ke2 O-O 16. Bxf6 Rfc8 17. Kd1 Rc6 18. Rg1 Rb8 19. Nc3 Bxc3 20. bxc3 Rxc3 21.
Rc1 Ra3 22. h4 Rd3+ 23. Ke1 e5 24. hxg5 Kh7 25. Bxe5 f6 26. g6+ Kg8 27. Bxb8 a6
28. Ke2 Ra3 29. Rc8+ Kg7 30. Bd6 Rxa2+ 31. Kd3 Rxf2 32. Bf8+ 1-0

[Event "Let's Play Chess!"]
[Site "http://www.queenalice.com/game.php?id=445156"]
[Date "2008.8.7"]
[Round "-"]
[White "MARAGATO"]
[Black "Viper3910"]
[Result "0-1"]
[WhiteElo "1049"]
[BlackElo "1780"]

1. d3 e6 2. e4 d5 3. Nf3 Bd6 4. g3 e5 5. Bg2 Bg4 6. Nbd2 Nc6 7. b3 dxe4 8. dxe4
Bb4 9. O-O Bc3 10. Rb1 Nf6 11. Qe1 O-O 12. a4 Bxf3 13. Bxf3 a5 14. Bb2 Bxd2 15.
Qd1 Qd6 16. Ra1 Rfd8 17. c4 Qe6 18. Ba3 Bc3 19. Qc1 Bxa1 20. Qxa1 Nd4 21. Bb2
Nxf3+ 22. Kh1 Qh3 0-1

[Event "Let's Play Chess!"]
[Site "http://www.queenalice.com/game.php?id=453468"]
[Date "2008.8.26"]
[Round "-"]
[White "MARAGATO"]
[Black "trajan42"]
[Result "0-1"]
[WhiteElo "1111"]
[BlackElo "2163"]

1. d3 e6 2. Nd2 d5 3. Ngf3 Nf6 4. g3 Bd6 5. Bg2 O-O 6. O-O c5 7. e4 Nc6 8. Re1
Re8 9. Nf1 Nd4 10. Nh4 Nc6 11. c4 d4 12. Rb1 b6 13. b4 e5 14. Ba3 cxb4 15. c5
bxc5 16. Nf5 bxa3 17. Nxd6 Qxd6 18. Nd2 Ba6 19. Rb3 Nb4 20. Rxa3 Nxd3 21. Rxd3
Bxd3 22. Nf3 Bxe4 23. Nh4 Bxg2 24. Nxg2 c4 25. Qa4 c3 26. Rd1 d3 27. Ne1 e4 28.
f3 Qc5+ 29. Kg2 exf3+ 30. Nxf3 Re2+ 31. Kh3 Qf5+ 32. g4 Qxf3+ 33. Kh4 Rxh2+ 34.
Kg5 h6# 0-1

[Event "Let's Play Chess!"]
[Site "http://www.queenalice.com/game.php?id=454970"]
[Date "2008.8.28"]
[Round "-"]
[White "dontworrybehappy"]
[Black "MARAGATO"]
[Result "1-0"]
[WhiteElo "1449"]
[BlackElo "1174"]

1. e4 c6 2. d4 Nf6 3. e5 Nd5 4. c4 Nb4 5. a3 N4a6 6. b4 e6 7. b5 cxb5 8. cxb5
Nc7 9. Nf3 d5 10. a4 Nd7 11. Bg5 Be7 12. Bxe7 Qxe7 13. Nc3 O-O 14. Be2 a6 15.
O-O Nb6 16. bxa6 Nxa6 17. Qb3 Qd8 18. Rab1 Bd7 19. Qxb6 Qxb6 20. Rxb6 Rfb8 21.
Bxa6 bxa6 22. a5 Bb5 23. Nxb5 axb5 24. Rb1 Rc8 25. R6xb5 Rc7 26. g3 f6 27. Rb8+
Rxb8 28. Rxb8+ Kf7 29. a6 fxe5 30. Rb7 Rxb7 31. axb7 Kf6 32. b8=Q e4 33. Qd8+
Kf5 34. Qg5# 1-0

[Event "Let's Play Chess!"]
[Site "http://www.queenalice.com/game.php?id=455081"]
[Date "2008.8.28"]
[Round "-"]
[White "MARAGATO"]
[Black "axelsun"]
[Result "0-1"]
[WhiteElo "1111"]
[BlackElo "1946"]

1. d3 d5 2. Nf3 Nc6 3. g3 e5 4. Bg2 Nf6 5. O-O Be6 6. Nbd2 Qd7 7. Re1 Bc5 8. Nh4
Ng4 9. e3 O-O-O 10. d4 exd4 11. exd4 Bxd4 12. Nb3 Bxf2+ 13. Kh1 Bxg3 14. hxg3
Nf2+ 15. Kg1 Nxd1 16. Rxd1 Rhe8 17. Nc5 Qd6 18. Nxe6 Rxe6 19. Nf5 Qc5+ 20. Be3
d4 21. Bxc6 bxc6 22. Re1 dxe3 23. Rxe3 Rxe3 24. Nxe3 Qxe3+ 25. Kh1 Rd2 26. Rg1
Qf3+ 27. Rg2 Qxg2# 0-1

[Event "Let's Play Chess!"]
[Site "http://www.queenalice.com/game.php?id=466897"]
[Date "2008.9.22"]
[Round "-"]
[White "MARAGATO"]
[Black "Champignac"]
[Result "0-1"]
[WhiteElo "1168"]
[BlackElo "1518"]

1. e4 d5 2. Nc3 d4 3. Nce2 c5 4. d3 Nc6 5. Nf3 e5 6. Ng3 Nf6 7. Bg5 Be7 8. Be2
O-O 9. c3 h6 10. Bxf6 Bxf6 11. Nh5 b5 12. O-O Bg4 13. Nxf6+ Qxf6 14. Qb3 Bxf3
15. Bxf3 a6 16. Rac1 Rac8 17. Bg4 Rb8 18. Qd5 b4 19. Bd7 Rb6 20. cxb4 Nxb4 21.
a3 Nxd5 22. exd5 Qd6 23. Bc6 Rxb2 24. Bb7 Rxb7 25. Rc2 Rfb8 26. g3 Qxd5 27. f3
Qb3 28. Rxc5 Qxd3 29. f4 Rb1 30. Rxb1 Rxb1+ 31. Kg2 Qf1# 0-1

[Event "Let's Play Chess!"]
[Site "http://www.queenalice.com/game.php?id=468024"]
[Date "2008.9.24"]
[Round "-"]
[White "pcescritor"]
[Black "MARAGATO"]
[Result "1-0"]
[WhiteElo "1769"]
[BlackElo "1154"]

1. e4 c6 2. Bc4 Nf6 3. d3 d5 4. exd5 cxd5 5. Bb3 e5 6. Bg5 Bb4+ 7. c3 O-O 8.
cxb4 Bg4 9. Qc2 Na6 10. b5 Rc8 11. Qd2 Nc5 12. Bc2 Ne6 13. Ba4 a6 14. bxa6 bxa6
15. Nc3 d4 16. Ne4 Nxg5 17. Qxg5 Nxe4 18. Qxd8 Rcxd8 19. dxe4 Rd6 20. f3 d3 21.
fxg4 Rfd8 22. Nf3 d2+ 23. Ke2 f5 24. gxf5 Rb6 25. Bb3+ Kh8 26. Nxe5 a5 27. Nf7+
Kg8 28. Nxd8+ Kf8 29. Ne6+ Kf7 30. Ng5+ Kf6 31. Nxh7+ 1-0

[Event "Help! I am Bored"]
[Site "http://www.queenalice.com/game.php?id=468030"]
[Date "2008.9.24"]
[Round "-"]
[White "MARAGATO"]
[Black "krewson1967"]
[Result "0-1"]
[WhiteElo "1168"]
[BlackElo "1925"]

1. e4 e5 2. Nf3 Nc6 3. Bb5 a6 4. Bxc6 dxc6 5. Nxe5 Qd4 6. O-O Qxe5 7. d4 Qf6 8.
Re1 Be6 9. Nc3 O-O-O 10. b3 Rxd4 11. Qh5 Bb4 12. Re3 Bxc3 13. Ba3 Bxa1 14. c3
Rd2 15. Bc1 Qxf2+ 0-1

[Event "Challenge"]
[Site "http://www.queenalice.com/game.php?id=483711"]
[Date "2008.10.27"]
[Round "-"]
[White "MARAGATO"]
[Black "Tourinho"]
[Result "0-1"]
[WhiteElo "1148"]
[BlackElo "1581"]

1. e4 e5 2. Nf3 Nc6 3. Bb5 Nge7 4. Nc3 a6 5. Bxc6 Nxc6 6. O-O Bc5 7. a3 d6 8. b4
Bb6 9. Bb2 Bg4 10. Qe1 Bxf3 11. gxf3 Nd4 12. Nd5 Nxc2 13. Qc1 Nxa1 14. Bxa1 c6
15. Nc3 Qg5+ 16. Kh1 Qf4 17. Na4 Bd8 18. Qc4 Qxf3+ 19. Kg1 O-O 20. Qc3 Qxe4 21.
Qh3 b5 22. Nc3 Qg6+ 23. Qg3 Bb6 24. Qxg6 fxg6 25. Ne4 Bc7 26. d4 exd4 27. Bxd4
h6 28. a4 bxa4 29. b5 axb5 30. Nc3 Rae8 31. Kg2 Bd8 32. Nd1 c5 33. Be3 b4 34.
Nb2 a3 35. Na4 a2 36. Rd1 Re6 37. Rd5 a1=Q 38. Nxc5 dxc5 39. Rxd8 Rxd8 40. Bxc5
Qa8+ 41. f3 Rd2+ 42. Kg3 Qb8+ 43. f4 Rd3+ 44. Kg4 h5+ 0-1

[Event "2a. Partida"]
[Site "http://www.queenalice.com/game.php?id=491879"]
[Date "2008.11.11"]
[Round "-"]
[White "MARAGATO"]
[Black "philler"]
[Result "0-1"]
[WhiteElo "1150"]
[BlackElo "1931"]

1. e4 c5 2. Nc3 Nc6 3. b3 g6 4. Bc4 Bg7 5. Nf3 d6 6. O-O Bg4 7. Bb2 Nd4 8. Bb5+
Nxb5 9. Nxb5 Bxb2 10. Rb1 Bg7 11. Qe2 Nf6 12. e5 dxe5 13. Qxe5 O-O 14. Qxc5 Rc8
15. Qg5 Bxf3 16. Nxa7 Be4 17. Nxc8 Qxc8 18. d3 Bf5 19. c4 Bxd3 20. a4 Bxf1 21.
Rxf1 Rd8 22. b4 Qxc4 23. Qa5 Qd5 24. Qxd5 Nxd5 25. b5 Nc3 26. g3 Rd4 27. a5 Nxb5
28. Rb1 Nd6 29. Kg2 Ra4 30. h3 Rxa5 31. Re1 e6 32. h4 b5 33. Kh3 b4 34. f3 b3
35. g4 b2 36. Kg3 Ra1 37. Re2 b1=Q 38. Rg2 Be5+ 39. f4 Ne4+ 40. Kf3 Qd3# 0-1

[Event "Let's Play Chess!"]
[Site "http://www.queenalice.com/game.php?id=941873"]
[Date "2011.5.24"]
[Round "-"]
[White "botafoguense"]
[Black "MARAGATO"]
[Result "1-0"]
[WhiteElo "1574"]
[BlackElo "1146"]

1. c3 Nc6 2. e4 e5 3. g3 f6 4. Ne2 d6 5. Bg2 Be6 6. Qc2 Nge7 7. f3 Ng6 8. b3 d5
9. d4 Qd6 10. Ba3 Qd7 11. Bxf8 Rxf8 12. Nd2 O-O-O 13. f4 f5 14. dxe5 dxe4 15.
Rd1 Qd5 16. Nc4 Qb5 17. a4 Qa6 18. Nd4 Bd5 19. Qe2 Ngxe5 20. Nxe5 Qxe2+ 21. Nxe2
Nxe5 22. fxe5 Rde8 23. Rxd5 c6 24. Ra5 b6 25. Rxa7 Rd8 26. O-O Kb8 27. Rxg7 c5
28. Rxh7 Kc8 29. Nf4 Rd7 30. Rxd7 Kxd7 31. Ng6 Re8 32. Rxf5 1-0

[Event "Challenge"]
[Site "http://www.queenalice.com/game.php?id=960906"]
[Date "2011.7.16"]
[Round "-"]
[White "El_Furo"]
[Black "MARAGATO"]
[Result "1-0"]
[WhiteElo "1179"]
[BlackElo "1144"]

1. e4 c6 2. d4 Nf6 3. Nc3 d6 4. Bd3 Bg4 5. Nf3 e5 6. Be2 Nbd7 7. b3 Qa5 8. Bd2
c5 9. Nd5 Qa3 10. Bd3 Nb6 11. Nc7+ Kd7 12. Nxa8 Nxa8 13. O-O cxd4 14. Qe1 Bxf3
15. Bb4 Qb2 16. Qd2 Bxe4 17. Rfb1 Qa3 18. Bxa3 Ng4 19. Bxe4 Be7 20. Bxb7 Bh4 21.
Rf1 Bxf2+ 22. Rxf2 Nxf2 23. Qxf2 Rb8 24. Qxf7+ Kd8 25. Bxd6 1-0